000 00453nam a2200181Ia 4500
001 19608
005 20260306172705.0
008 260306t2018||||xx |||||||||||||| ||spa||
041 _aESP
082 _a340.7
_bC75 Nº 33
100 _aLa Rosa Calle, Javier
_eAUT
245 0 _aTeoría del conflicto y mecanismos de solución
260 _c2018
300 _a162 páginas :
_c20 cm.
650 _aGEN
654 _aCDE
942 _cLIB
_dJUS
_fJUS
_2ddc
_n
999 _c19608
_d19608